LEADER 01518nam 2200409 450 001 000008289 005 20050718115300.0 010 $a88-233-0227-7 100 $a20010521d1989----km-y0itay0103----ba 101 0 $aita 102 $aIT 200 1 $aRagioneria generale$ecorso di ragioneria generale e applicata$eper la terza classe degli Istituti Tecnici Commerciali$fAstolfi & Negri 210 $aMilano$cTramontana$dc1989 215 $a539 p.$ctabelle$d26 cm. 225 1 $aCollana di economia aziendale per gli Istituti Tecnici Commerciali 300 $aSul dorso: 306 300 $aI nomi propri degli autori sono stati ricavati da fonti esterne alla pubblicazione 606 $aRagioneria 676 $a657.63$v(20. ed.)$9Contabilità privata aziendale 700 1$aAstolfi,$bEugenio$0132927 701 1$aNegri,$bLetizia$0377469 801 0$aIT$bUniversità della Basilicata - B.I.A.$gRICA$2unimarc 912 $a000008289 996 $aRagioneria generale$975224 997 $aUNIBAS BAS $aMONAGR BAS $aMONOGR BAS $aAGRARIA CAT $aOB001$b01$c20010521$lBAS01$h1120 CAT $aTORRE$b20$c20010521$lBAS01$h1348 CAT $c20050601$lBAS01$h1754 CAT $abatch$b01$c20050718$lBAS01$h1049 CAT $c20050718$lBAS01$h1109 CAT $c20050718$lBAS01$h1139 CAT $c20050718$lBAS01$h1153 FMT Z30 -1$lBAS01$LBAS01$mBOOK$1BASA2$APolo Tecnico-Scientifico$2DID$BDidattica$3PTS.s2.p23.1$671360$5A71360$820010521$f04$FPrestabile Didattica LEADER 01749oam 2200457 a 450 001 9910692509503321 005 20040803135739.0 035 $a(CKB)5470000002354364 035 $a(OCoLC)55939282 035 9 $aocm55939282 035 $a(OCoLC)995470000002354364 035 $a(EXLCZ)995470000002354364 100 $a20040714d2004 ua 0 101 0 $aeng 135 $aurmn|||||| 181 $ctxt$2rdacontent 182 $cc$2rdamedia 183 $acr$2rdacarrier 200 10$aHomeland Security$b[electronic resource] $ecommunication protocols and risk communication principles can assist in refining the Advisory System : report to congressional requesters 210 1$a[Washington, D.C.] :$cU.S. General Accounting Office,$d[2004] 300 $aTitle from title screen (viewed on July 13, 2004). 300 $a"June 2004." 300 $aPaper version available from: U.S. General Accounting Office, 441 G St., NW, Rm. LM, Washington, D.C. 20548. 300 $a"GAO-04-682." 320 $aIncludes bibliographical references. 517 $aHomeland Security 606 $aRisk communication$zUnited States$xEvaluation 606 $aCivil defense warning systems$zUnited States$xEvaluation 606 $aNational security$zUnited States 606 $aTerrorism$xGovernment policy$zUnited States$xEvaluation 615 0$aRisk communication$xEvaluation. 615 0$aCivil defense warning systems$xEvaluation. 615 0$aNational security 615 0$aTerrorism$xGovernment policy$xEvaluation. 712 02$aUnited States.$bDepartment of Homeland Security. 801 0$bGPO 801 1$bGPO 906 $aBOOK 912 $a9910692509503321 996 $aHomeland Security$91686681 997 $aUNINA